[Event "Alberta op"]
[Site "Edmonton CAN"]
[Date "2001.10.06"]
[Round "3"]
[White "Pivovarov, Juraj"]
[Black "Palcic, Branko"]
[Result "1-0"]
[WhiteElo "1802"]
[BlackElo "1547"]
[PlyCount "91"]
[GameId "2160767911485131"]
[EventDate "2001.10.06"]
[EventType "swiss"]
[EventRounds "6"]
[EventCountry "CAN"]

1. Nf3 f5 2. g3 Nf6 3. Bg2 g6 4. O-O Bg7 5. d3 d6 6. Re1 O-O 7. c3 h6 8. Nbd2 c6 9. Nf1 Be6 10. e4 fxe4 11. dxe4 Nfd7 12. h3 Na6 13. Qc2 Ne5 14. N1h2 Nc7 15. Nxe5 dxe5 16. f4 Qc8 17. h4 Ne8 18. Nf3 Bh3 19. Nxe5 Bxe5 20. fxe5 Bxg2 21. Kxg2 Qg4 22. Bxh6 Rf3 23. Bf4 Rxf4 24. Rf1 Rxf1 25. Rxf1 Qe6 26. Qf2 Ng7 27. Qf4 Qxa2 28. Qg4 Qe6 29. Qg5 Rf8 30. Rd1 Qf7 31. Qe3 Ne6 32. Kh3 Qf3 33. Qxf3 Rxf3 34. Rd7 Nc5 35. Rxe7 Rf7 36. Re8+ Kg7 37. b4 Nxe4 38. e6 Rc7 39. c4 Nd6 40. Rd8 Kf6 41. Rxd6 Re7 42. Kg4 Rxe6 43. Rxe6+ Kxe6 44. Kg5 Kf7 45. c5 Kg7 46. g4 1-0

[Event "Alberta op"]
[Site "Edmonton CAN"]
[Date "2001.10.07"]
[Round "3"]
[White "Doo, Alvin"]
[Black "Miller, Chris"]
[Result "1-0"]
[WhiteElo "1746"]
[BlackElo "1512"]
[PlyCount "59"]
[GameId "2160767911485132"]
[EventDate "2001.10.06"]
[EventType "swiss"]
[EventRounds "6"]
[EventCountry "CAN"]
[SourceTitle "EXT 2017"]
[Source "ChessBase"]
[SourceDate "2016.10.25"]
[SourceVersion "1"]
[SourceVersionDate "2016.10.25"]
[SourceQuality "1"]

1. e4 c6 2. d4 d5 3. Nc3 dxe4 4. Nxe4 Nd7 5. Nf3 Ngf6 6. Ng3 g6 7. Bc4 Bg7 8. O-O b5 9. Bb3 O-O 10. Re1 Nb6 11. Bg5 Bg4 12. c3 Nfd5 13. h3 Bxf3 14. Qxf3 h6 15. Bd2 Rc8 16. Re2 c5 17. dxc5 Rxc5 18. Be3 Nxe3 19. Rxe3 Qc7 20. Rd1 Nc4 21. Re2 Ne5 22. Qe4 Kh7 23. Rd5 f5 24. Rxc5 Qxc5 25. Qb7 Nc6 26. Re6 Rf6 27. Qc8 Rxe6 28. Qxe6 g5 29. Qg8+ Kg6 30. Bf7+ 1-0

[Event "Alberta op"]
[Site "Edmonton CAN"]
[Date "2001.10.07"]
[Round "3"]
[White "Karmali, Hafiz"]
[Black "Wihnon, Jason"]
[Result "0-1"]
[WhiteElo "2062"]
[BlackElo "1629"]
[PlyCount "50"]
[GameId "2160767911485133"]
[EventDate "2001.10.06"]
[EventType "swiss"]
[EventRounds "6"]
[EventCountry "CAN"]
[SourceTitle "EXT 2017"]
[Source "ChessBase"]
[SourceDate "2016.10.25"]
[SourceVersion "1"]
[SourceVersionDate "2016.10.25"]
[SourceQuality "1"]

1. e4 e5 2. Nf3 Nc6 3. Bb5 Nf6 4. O-O Nxe4 5. Re1 Nd6 6. Bxc6 dxc6 7. Nxe5 Be7 8. Qe2 Be6 9. d3 O-O 10. Nxf7 Bxf7 11. Qxe7 Re8 12. Bg5 Rxe7 13. Bxe7 Qd7 14. Nd2 Re8 15. Bg5 Rxe1+ 16. Rxe1 h6 17. Bf4 Qf5 18. Bg3 Qa5 19. Nf3 Kf8 20. Kf1 Qxa2 21. Ne5 Qxb2 22. c4 a5 23. c5 Nb5 24. Nd7+ Kg8 25. Be5 Qd2 0-1

[Event "Alberta op"]
[Site "Edmonton CAN"]
[Date "2001.10.07"]
[Round "3"]
[White "Reeve, Jeff"]
[Black "Hughey, Micah"]
[Result "1/2-1/2"]
[WhiteElo "2319"]
[BlackElo "2201"]
[PlyCount "63"]
[GameId "2160767911485134"]
[EventDate "2001.10.06"]
[EventType "swiss"]
[EventRounds "6"]
[EventCountry "CAN"]
[SourceTitle "EXT 2017"]
[Source "ChessBase"]
[SourceDate "2016.10.25"]
[SourceVersion "1"]
[SourceVersionDate "2016.10.25"]
[SourceQuality "1"]

1. e4 e5 2. Nf3 d6 3. Bc4 Be7 4. d4 exd4 5. Nxd4 Nf6 6. Nc3 O-O 7. O-O a6 8. a4 c5 9. Nde2 Nc6 10. Nf4 Nb4 11. a5 Re8 12. Ncd5 Nbxd5 13. Bxd5 Bf8 14. f3 Qc7 15. Be3 Be6 16. c4 Rab8 17. Bd2 Nxd5 18. Nxd5 Bxd5 19. cxd5 g6 20. Bc3 Bg7 21. Qd2 Qe7 22. Bxg7 Kxg7 23. b4 Rec8 24. bxc5 Rxc5 25. Rfc1 Rbc8 26. Rxc5 Rxc5 27. Rc1 Qc7 28. Rxc5 Qxc5+ 29. Kf1 f6 30. h3 b6 31. axb6 Qxb6 32. g4 1/2-1/2

[Event "Alberta op"]
[Site "Edmonton CAN"]
[Date "2001.10.07"]
[Round "3"]
[White "Yearwood, Roy"]
[Black "Huber, Gregory"]
[Result "1-0"]
[WhiteElo "2060"]
[BlackElo "2323"]
[PlyCount "39"]
[GameId "2160767911485135"]
[EventDate "2001.10.06"]
[EventType "swiss"]
[EventRounds "6"]
[EventCountry "CAN"]
[SourceTitle "EXT 2017"]
[Source "ChessBase"]
[SourceDate "2016.10.25"]
[SourceVersion "1"]
[SourceVersionDate "2016.10.25"]
[SourceQuality "1"]

1. e4 c5 2. Nc3 e6 3. Nge2 a6 4. d4 cxd4 5. Nxd4 b5 6. Be3 Bb7 7. f3 d6 8. Qd2 Nd7 9. O-O-O Ngf6 10. g4 h6 11. Kb1 b4 12. Nce2 d5 13. exd5 Bxd5 14. Nf4 Qa5 15. Nxd5 Nxd5 16. Nb3 Qc7 17. Bd4 f6 18. Bd3 Kf7 19. Be4 N7b6 20. Bxb6 1-0

[Event "Alberta op"]
[Site "Edmonton CAN"]
[Date "2001.10.06"]
[Round "4"]
[White "Karmali, Hafiz"]
[Black "Pivovarov, Juraj"]
[Result "0-1"]
[WhiteElo "2062"]
[BlackElo "1802"]
[PlyCount "116"]
[GameId "2160767911485136"]
[EventDate "2001.10.06"]
[EventType "swiss"]
[EventRounds "6"]
[EventCountry "CAN"]

1. d4 Nf6 2. c4 g6 3. Nc3 d5 4. cxd5 Nxd5 5. e4 Nxc3 6. bxc3 Bg7 7. Be3 c5 8. Rb1 cxd4 9. Bxd4 O-O 10. Bb5 a6 11. Ba4 Qa5 12. Bxg7 Kxg7 13. Ne2 Rd8 14. Qc2 b5 15. Bb3 Bb7 16. O-O Nc6 17. Bd5 Rac8 18. a4 e6 19. axb5 exd5 20. bxc6 Bxc6 21. Ra1 Qc5 22. Rxa6 Bb5 23. Ra5 Qc4 24. Ng3 dxe4 25. Rb1 Bc6 26. h3 Rd3 27. Ne2 Rcd8 28. Rb4 Rd1+ 29. Kh2 Qe6 30. Nd4 Qd6+ 31. g3 Qf6 32. Rf5 gxf5 33. Qxd1 Kg6 34. Rb6 Rd6 35. Qd2 Bd7 36. Rb8 h6 37. Qf4 Ra6 38. Qc7 Qd6 39. Qxd6+ Rxd6 40. Kg1 Ba4 41. Kf1 Bd1 42. Ke1 Bf3 43. Kd2 Bg2 44. h4 Kh5 45. Ke3 Kg6 46. Kf4 Bh3 47. Ke5 Ra6 48. Kf4 Ra2 49. Ke3 Ra3 50. Nb5 Ra2 51. Rb6+ Kg7 52. Nd6 Bg4 53. c4 Re2+ 54. Kd4 Rxf2 55. c5 Rd2+ 56. Ke3 Rd3+ 57. Kf2 e3+ 58. Ke1 Rd1# 0-1

[Event "Alberta op"]
[Site "Edmonton CAN"]
[Date "2001.10.07"]
[Round "4"]
[White "Bentley, Bill"]
[Black "Hughey, Micah"]
[Result "1/2-1/2"]
[WhiteElo "1928"]
[BlackElo "2201"]
[PlyCount "23"]
[GameId "2160767911485137"]
[EventDate "2001.10.06"]
[EventType "swiss"]
[EventRounds "6"]
[EventCountry "CAN"]
[SourceTitle "EXT 2017"]
[Source "ChessBase"]
[SourceDate "2016.10.25"]
[SourceVersion "1"]
[SourceVersionDate "2016.10.25"]
[SourceQuality "1"]

1. d4 Nf6 2. Nf3 e6 3. Nbd2 d5 4. e3 c5 5. c3 Be7 6. Bd3 b6 7. O-O O-O 8. Qe2 Bb7 9. Ne5 Nbd7 10. f4 Ne4 11. Qf3 f5 12. g4 1/2-1/2

[Event "Alberta op"]
[Site "Edmonton CAN"]
[Date "2001.10.07"]
[Round "4"]
[White "Eshleman, Brandon"]
[Black "Haessel, Dale"]
[Result "0-1"]
[WhiteElo "1779"]
[BlackElo "2241"]
[PlyCount "44"]
[GameId "2160767911485138"]
[EventDate "2001.10.06"]
[EventType "swiss"]
[EventRounds "6"]
[EventCountry "CAN"]
[SourceTitle "EXT 2017"]
[Source "ChessBase"]
[SourceDate "2016.10.25"]
[SourceVersion "1"]
[SourceVersionDate "2016.10.25"]
[SourceQuality "1"]

1. e4 c5 2. Nf3 d6 3. Bb5+ Nd7 4. O-O Ngf6 5. Re1 a6 6. Bf1 b5 7. d4 cxd4 8. Nxd4 Bb7 9. f3 e6 10. Be3 d5 11. Bg5 dxe4 12. fxe4 Bc5 13. Kh1 Nxe4 14. Rxe4 Qxg5 15. Rg4 Qf6 16. Nc3 Ne5 17. Rg3 Rd8 18. Nce2 Nc4 19. c3 e5 20. Qe1 O-O 21. Nf3 Nxb2 22. Rh3 Nd3 0-1

[Event "Alberta op"]
[Site "Edmonton CAN"]
[Date "2001.10.07"]
[Round "4"]
[White "Gomboc, Dave"]
[Black "Stark, Mark"]
[Result "1-0"]
[WhiteElo "2026"]
[BlackElo "1736"]
[PlyCount "63"]
[GameId "2160767911485139"]
[EventDate "2001.10.06"]
[EventType "swiss"]
[EventRounds "6"]
[EventCountry "CAN"]
[SourceTitle "EXT 2017"]
[Source "ChessBase"]
[SourceDate "2016.10.25"]
[SourceVersion "1"]
[SourceVersionDate "2016.10.25"]
[SourceQuality "1"]

1. d4 d5 2. c4 e6 3. Nc3 Nf6 4. Nf3 c5 5. cxd5 Nxd5 6. e4 Nxc3 7. bxc3 cxd4 8. cxd4 Bb4+ 9. Bd2 Qa5 10. Bxb4 Qxb4+ 11. Qd2 Qxd2+ 12. Kxd2 Nd7 13. Rc1 h6 14. Bb5 Kd8 15. Ke3 a6 16. Bxd7 Bxd7 17. Ne5 Rf8 18. d5 Rc8 19. Kd4 Ke7 20. Nc4 exd5 21. exd5 Bb5 22. Rhe1+ Kd8 23. Nd6 Rc7 24. Rxc7 Kxc7 25. Nxb5+ axb5 26. Re7+ Kb6 27. d6 Kc6 28. Ke5 Rd8 29. Rc7+ Kb6 30. Rxf7 Re8+ 31. Re7 Rd8 32. Rxg7 1-0

[Event "Alberta op"]
[Site "Edmonton CAN"]
[Date "2001.10.07"]
[Round "4"]
[White "Milne, Arthur"]
[Black "Duval, Kirk"]
[Result "1-0"]
[WhiteElo "1928"]
[BlackElo "1999"]
[PlyCount "59"]
[GameId "2160767911485140"]
[EventDate "2001.10.06"]
[EventType "swiss"]
[EventRounds "6"]
[EventCountry "CAN"]
[SourceTitle "EXT 2017"]
[Source "ChessBase"]
[SourceDate "2016.10.25"]
[SourceVersion "1"]
[SourceVersionDate "2016.10.25"]
[SourceQuality "1"]

1. g3 Nf6 2. Bg2 g6 3. c4 Bg7 4. Nc3 c5 5. e4 Nc6 6. Nge2 d6 7. d3 h5 8. h3 Bd7 9. Bg5 Nh7 10. Be3 Nf8 11. d4 cxd4 12. Nxd4 Ne6 13. Nxc6 bxc6 14. Qd2 Qa5 15. Rc1 Rb8 16. b3 c5 17. O-O Nd4 18. f4 Qc7 19. Nd5 Qc8 20. Kh2 e6 21. Nc3 O-O 22. f5 exf5 23. Nd5 Qd8 24. Bg5 f6 25. Bf4 Be6 26. exf5 Nxf5 27. Rce1 Qd7 28. Nc3 Rbd8 29. Rxe6 g5 30. Qd5 1-0

[Event "Alberta op"]
[Site "Edmonton CAN"]
[Date "2001.10.07"]
[Round "4"]
[White "Wihnon, Jason"]
[Black "Huber, Gregory"]
[Result "0-1"]
[WhiteElo "1629"]
[BlackElo "2323"]
[PlyCount "62"]
[GameId "2160767911485141"]
[EventDate "2001.10.06"]
[EventType "swiss"]
[EventRounds "6"]
[EventCountry "CAN"]
[SourceTitle "EXT 2017"]
[Source "ChessBase"]
[SourceDate "2016.10.25"]
[SourceVersion "1"]
[SourceVersionDate "2016.10.25"]
[SourceQuality "1"]

1. e4 c5 2. Nf3 e6 3. d3 Nc6 4. g3 Be7 5. Bg2 d6 6. O-O Nf6 7. Nbd2 O-O 8. Re1 Qc7 9. a4 a6 10. Nc4 Nd7 11. Qe2 Rb8 12. a5 b5 13. axb6 Nxb6 14. Nxb6 Rxb6 15. e5 d5 16. h4 Bd7 17. c3 Rfb8 18. Rb1 a5 19. Qc2 Be8 20. Bf4 Qb7 21. Re2 a4 22. Qc1 a3 23. b3 Rxb3 24. Rxb3 Qxb3 25. Qa1 c4 26. dxc4 Qxc4 27. Bf1 Qd3 28. Re3 Rb1 29. Rxd3 Rxa1 30. Kg2 a2 31. Rd2 Rxf1 0-1

[Event "Alberta op"]
[Site "Edmonton CAN"]
[Date "2001.10.07"]
[Round "5"]
[White "Duval, Kirk"]
[Black "Camphaug, Lincoln"]
[Result "1-0"]
[WhiteElo "1999"]
[BlackElo "1705"]
[PlyCount "27"]
[GameId "2160767911485142"]
[EventDate "2001.10.06"]
[EventType "swiss"]
[EventRounds "6"]
[EventCountry "CAN"]

1. Nf3 Nf6 2. g3 g6 3. Bg2 Bg7 4. d4 d6 5. O-O Nbd7 6. c4 c5 7. Nc3 cxd4 8. Nxd4 Qc7 9. Qa4 Qb6 10. Be3 Qxb2 11. Ndb5 Nc5 12. Bxc5 dxc5 13. Rab1 Qd2 14. Rfd1 1-0

[Event "Alberta op"]
[Site "Edmonton CAN"]
[Date "2001.10.07"]
[Round "5"]
[White "Pivovarov, Juraj"]
[Black "Hughey, Micah"]
[Result "0-1"]
[WhiteElo "1802"]
[BlackElo "2201"]
[PlyCount "40"]
[GameId "2160767911485143"]
[EventDate "2001.10.06"]
[EventType "swiss"]
[EventRounds "6"]
[EventCountry "CAN"]

1. c4 e6 2. g3 d5 3. Bg2 c5 4. Nf3 Nc6 5. O-O Nf6 6. Na3 Be7 7. d3 O-O 8. Bd2 b6 9. Nc2 Bb7 10. a3 Qc7 11. b4 dxc4 12. dxc4 Ne4 13. b5 Nxd2 14. Qxd2 Na5 15. Rad1 Rfd8 16. Qc1 Nxc4 17. Rxd8+ Rxd8 18. Nce1 Nd6 19. Nd3 Nxb5 20. Qc2 Nxa3 0-1

[Event "Alberta op"]
[Site "Edmonton CAN"]
[Date "2001.10.08"]
[Round "5"]
[White "Gomboc, Dave"]
[Black "Eshleman, Brandon"]
[Result "1/2-1/2"]
[WhiteElo "2026"]
[BlackElo "1779"]
[PlyCount "117"]
[GameId "2160767911485144"]
[EventDate "2001.10.06"]
[EventType "swiss"]
[EventRounds "6"]
[EventCountry "CAN"]
[SourceTitle "EXT 2017"]
[Source "ChessBase"]
[SourceDate "2016.10.25"]
[SourceVersion "1"]
[SourceVersionDate "2016.10.25"]
[SourceQuality "1"]

1. c4 e5 2. g3 Nf6 3. Bg2 c6 4. d4 Bb4+ 5. Bd2 Bxd2+ 6. Qxd2 exd4 7. Qxd4 d5 8. cxd5 cxd5 9. Nc3 Nc6 10. Qc5 Be6 11. Nf3 Rc8 12. O-O a5 13. Rad1 b6 14. Qa3 Nb4 15. e4 O-O 16. exd5 Nfxd5 17. Nxd5 Bxd5 18. Ne1 Rc5 19. Nd3 Bxg2 20. Nxc5 Qa8 21. Nd3 Bxf1 22. Rxf1 Nc2 23. Qa4 Rc8 24. Rc1 Qc6 25. Qxc6 Rxc6 26. Ne1 Nd4 27. Rxc6 Nxc6 28. f4 Kf8 29. Kf2 Ke7 30. Ke3 Ke6 31. g4 f5 32. h3 b5 33. Nc2 g6 34. Kf3 Kf6 35. gxf5 Kxf5 36. Ne3+ Ke6 37. Ke4 Nb4 38. a3 Na6 39. Kd4 Kd6 40. h4 Nc5 41. f5 Nd7 42. fxg6 hxg6 43. Nd5 Ne5 44. Ke4 Nc4 45. Nf4 Ne5 46. b3 a4 47. b4 Nc4 48. Kd3 Nxa3 49. Kc3 Nc4 50. Nxg6 Ke6 51. Nf4+ Kf5 52. Nd5 Kg4 53. Nc7 Nd6 54. Kb2 Kxh4 55. Ka3 Nc4+ 56. Ka2 Nd6 57. Ka3 Nc4+ 58. Ka2 Nd6 59. Ka3 1/2-1/2

[Event "Alberta op"]
[Site "Edmonton CAN"]
[Date "2001.10.08"]
[Round "5"]
[White "Tinio, Alfredo"]
[Black "Wihnon, Jason"]
[Result "1-0"]
[WhiteElo "2010"]
[BlackElo "1629"]
[PlyCount "41"]
[GameId "2160767911485145"]
[EventDate "2001.10.06"]
[EventType "swiss"]
[EventRounds "6"]
[EventCountry "CAN"]
[SourceTitle "EXT 2017"]
[Source "ChessBase"]
[SourceDate "2016.10.25"]
[SourceVersion "1"]
[SourceVersionDate "2016.10.25"]
[SourceQuality "1"]

1. e4 e5 2. Nf3 Nc6 3. Bb5 Nf6 4. O-O Nxe4 5. Re1 Nd6 6. Nxe5 Be7 7. Bxc6 dxc6 8. d4 O-O 9. h3 Nf5 10. c3 Be6 11. Bf4 Bd6 12. Nd2 Re8 13. Ndf3 Bd5 14. Qd3 Be6 15. g4 Nh4 16. Ng5 Bxe5 17. Qxh7+ Kf8 18. Rxe5 f6 19. Nxe6+ Rxe6 20. Rxe6 Qd5 21. Qe4 1-0

[Event "Alberta op"]
[Site "Edmonton CAN"]
[Date "2001.10.08"]
[Round "5"]
[White "Yearwood, Roy"]
[Black "Milne, Arthur"]
[Result "1-0"]
[WhiteElo "2060"]
[BlackElo "1928"]
[PlyCount "73"]
[GameId "2160767911485146"]
[EventDate "2001.10.06"]
[EventType "swiss"]
[EventRounds "6"]
[EventCountry "CAN"]
[SourceTitle "EXT 2017"]
[Source "ChessBase"]
[SourceDate "2016.10.25"]
[SourceVersion "1"]
[SourceVersionDate "2016.10.25"]
[SourceQuality "1"]

1. c4 e5 2. Nc3 Bb4 3. Nd5 Be7 4. g3 c6 5. Nc3 Nf6 6. d4 d6 7. Bg2 O-O 8. e4 Re8 9. Nf3 Bg4 10. O-O Nbd7 11. d5 Nc5 12. Re1 a5 13. Qc2 Bxf3 14. Bxf3 cxd5 15. cxd5 Nfd7 16. Nb5 g6 17. Be3 Qb6 18. a4 Bf8 19. Bg4 Nf6 20. Bh3 h5 21. f3 Kh7 22. Ra3 Bh6 23. Bf2 Bf8 24. Rc3 h4 25. Kg2 Nh5 26. Nxd6 Bxd6 27. Bxc5 Bxc5 28. Rxc5 Re7 29. Re3 Nf6 30. Rb3 Qd8 31. Qd2 Ne8 32. Qg5 hxg3 33. hxg3 Qd6 34. Rcb5 Kg7 35. Rxb7 Rxb7 36. Rxb7 Qa6 37. Qxe5+ 1-0

[Event "Alberta op"]
[Site "Edmonton CAN"]
[Date "2001.10.07"]
[Round "6"]
[White "Hinds, Ronald"]
[Black "Pivovarov, Juraj"]
[Result "1-0"]
[WhiteElo "2085"]
[BlackElo "1802"]
[PlyCount "47"]
[GameId "2160767911485147"]
[EventDate "2001.10.06"]
[EventType "swiss"]
[EventRounds "6"]
[EventCountry "CAN"]

1. e4 d5 2. exd5 Nf6 3. Bb5+ Bd7 4. Bc4 c6 5. Nc3 Qa5 6. dxc6 Nxc6 7. Nf3 Rc8 8. O-O e6 9. Qe2 Bd6 10. d4 O-O 11. Nb5 Bb8 12. Bd2 Qb6 13. a4 Na5 14. Bd3 Bxb5 15. axb5 Nb3 16. cxb3 Qd6 17. g3 Nd5 18. Ng5 g6 19. Ne4 Qe7 20. Rac1 Rcd8 21. Bc4 f6 22. Nc3 Qd6 23. Rfe1 Rde8 24. Bh6 1-0

[Event "Alberta op"]
[Site "Edmonton CAN"]
[Date "2001.10.07"]
[Round "6"]
[White "Miller, Chris"]
[Black "Milward, David"]
[Result "0-1"]
[WhiteElo "1512"]
[BlackElo "1743"]
[PlyCount "76"]
[GameId "2160767911485148"]
[EventDate "2001.10.06"]
[EventType "swiss"]
[EventRounds "6"]
[EventCountry "CAN"]

1. e4 c5 2. Nf3 d6 3. d4 cxd4 4. Nxd4 Nf6 5. Nc3 g6 6. Bc4 Bg7 7. f3 O-O 8. Be3 Bd7 9. Qd2 Nc6 10. O-O-O Qa5 11. h4 Rfc8 12. Bb3 Ne5 13. Rdg1 Nc4 14. Bxc4 Rxc4 15. g4 Rac8 16. Nb3 Qc7 17. h5 b5 18. a3 a5 19. Rg2 b4 20. axb4 axb4 21. Nb1 Qb7 22. Qd1 Ba4 23. Na1 Nxe4 24. b3 Nc3 25. Nxc3 Rxc3 26. Bd4 Bxd4 27. Qxd4 Qxf3 28. Rgh2 Bxb3 29. Re1 Bxc2 30. Rxc2 Rxc2+ 31. Nxc2 b3 32. h6 Rxc2+ 33. Kb1 f6 34. g5 Qa8 35. Qa1 Qxa1+ 36. Kxa1 b2+ 37. Kb1 Rc1+ 38. Rxc1 bxc1=Q+ 0-1

[Event "Alberta op"]
[Site "Edmonton CAN"]
[Date "2001.10.08"]
[Round "6"]
[White "Gardner, Robert"]
[Black "Reeve, Jeff"]
[Result "0-1"]
[WhiteElo "2264"]
[BlackElo "2319"]
[PlyCount "61"]
[GameId "2160767911485149"]
[EventDate "2001.10.06"]
[EventType "swiss"]
[EventRounds "6"]
[EventCountry "CAN"]
[SourceTitle "EXT 2017"]
[Source "ChessBase"]
[SourceDate "2016.10.25"]
[SourceVersion "1"]
[SourceVersionDate "2016.10.25"]
[SourceQuality "1"]

1. e4 e6 2. d4 d5 3. Nd2 Be7 4. e5 c5 5. c3 Nc6 6. Bd3 cxd4 7. cxd4 Qb6 8. Ndf3 Bd7 9. Ne2 Bb4+ 10. Kf1 h5 11. a3 Be7 12. b4 O-O-O 13. Bd2 f6 14. b5 Nxd4 15. Nexd4 fxe5 16. Nxe5 Qxd4 17. Rc1+ Bc5 18. Be3 Qxe5 19. Rxc5+ Kb8 20. Qa4 Qd6 21. Rc2 b6 22. Ke2 Ne7 23. Rd1 Rhf8 24. g3 e5 25. Kf1 Qf6 26. Rc7 a5 27. Bxb6 Qxb6 28. Rc2 e4 29. Bxe4 dxe4 30. Qxe4 Bh3+ 31. Ke1 0-1

[Event "Alberta op"]
[Site "Edmonton CAN"]
[Date "2001.10.08"]
[Round "6"]
[White "Huber, Gregory"]
[Black "Haessel, Dale"]
[Result "1-0"]
[WhiteElo "2323"]
[BlackElo "2241"]
[PlyCount "47"]
[GameId "2160767911485150"]
[EventDate "2001.10.06"]
[EventType "swiss"]
[EventRounds "6"]
[EventCountry "CAN"]
[SourceTitle "EXT 2017"]
[Source "ChessBase"]
[SourceDate "2016.10.25"]
[SourceVersion "1"]
[SourceVersionDate "2016.10.25"]
[SourceQuality "1"]

1. e4 c5 2. Nc3 d6 3. Nge2 Nf6 4. d4 cxd4 5. Nxd4 a6 6. g3 e5 7. Nde2 Nbd7 8. Bg2 b6 9. h3 Bb7 10. g4 h6 11. Ng3 b5 12. a3 Nb6 13. O-O d5 14. exd5 Nfxd5 15. Re1 f6 16. Qd3 Qd7 17. Be4 Be7 18. Nf5 Kf7 19. Nxe7 Kxe7 20. f4 Nxc3 21. Qxd7+ Kxd7 22. Bxb7 Ra7 23. Bg2 Ncd5 24. Rd1 1-0

[Event "Alberta op"]
[Site "Edmonton CAN"]
[Date "2001.10.08"]
[Round "6"]
[White "Hughey, Micah"]
[Black "Yearwood, Roy"]
[Result "1-0"]
[WhiteElo "2201"]
[BlackElo "2060"]
[PlyCount "79"]
[GameId "2160767911485151"]
[EventDate "2001.10.06"]
[EventType "swiss"]
[EventRounds "6"]
[EventCountry "CAN"]
[SourceTitle "EXT 2017"]
[Source "ChessBase"]
[SourceDate "2016.10.25"]
[SourceVersion "1"]
[SourceVersionDate "2016.10.25"]
[SourceQuality "1"]

1. d4 Nf6 2. Nf3 b6 3. Nbd2 Bb7 4. e3 e6 5. Bd3 c5 6. c3 d6 7. O-O Nbd7 8. Qe2 Be7 9. e4 O-O 10. e5 dxe5 11. dxe5 Ng4 12. Bc2 Qc7 13. Re1 f6 14. exf6 Rxf6 15. Bxh7+ Kxh7 16. Ng5+ Kg8 17. Qxg4 Rg6 18. Ndf3 Rf8 19. Qh3 Rh6 20. Nxe6 Rxh3 21. Nxc7 Rhxf3 22. gxf3 Bd6 23. Nb5 Bb8 24. f4 Rf6 25. Re8+ Kh7 26. Be3 Bc6 27. c4 Bxf4 28. Bxf4 Rxf4 29. Nxa7 Rg4+ 30. Kf1 Bg2+ 31. Ke2 Rxc4 32. Rd1 Nf6 33. Re7 Nd5 34. Re5 Rc2+ 35. Rd2 Bf3+ 36. Kd3 Rc1 37. a3 Kg6 38. Nc8 Kf6 39. Re8 b5 40. Rf8+ 1-0

[Event "Alberta reserves"]
[Site "Calgary CAN"]
[Date "2001.04.13"]
[Round "1"]
[White "MacFie, Bob"]
[Black "Gomboc, Dave"]
[Result "0-1"]
[WhiteElo "1662"]
[BlackElo "2018"]
[PlyCount "62"]
[GameId "2160767911564973"]
[EventDate "2001.04.13"]
[EventType "swiss"]
[EventRounds "5"]
[EventCountry "CAN"]

1. f4 d5 2. Nf3 Nf6 3. e3 Bf5 4. b3 e6 5. Bb2 Nbd7 6. h3 Ne4 7. g4 Bg6 8. Rg1 h5 9. d3 hxg4 10. hxg4 Nd6 11. Qe2 c6 12. Nc3 Qa5 13. Kf2 Be7 14. Bg2 Bf6 15. Qe1 O-O-O 16. g5 Be7 17. Rh1 f6 18. Nh4 Bh5 19. gxf6 Bxf6 20. d4 g5 21. fxg5 Bxg5 22. Nf3 Rdf8 23. Ne2 Ne4+ 24. Kg1 Bxe3+ 25. Kf1 Nd2+ 26. Qxd2 Qxd2 27. Bc3 Qxc2 28. Be1 Bxf3 29. Bxf3 Rxf3+ 30. Kg2 Qxe2+ 31. Bf2 Qxf2# 0-1

[Event "Alberta reserves"]
[Site "Calgary CAN"]
[Date "2001.04.14"]
[Round "3"]
[White "Robertson, Archie"]
[Black "Hansen, Steve"]
[Result "1-0"]
[WhiteElo "2068"]
[BlackElo "1838"]
[PlyCount "121"]
[GameId "2160767911564974"]
[EventDate "2001.04.13"]
[EventType "swiss"]
[EventRounds "5"]
[EventCountry "CAN"]

1. e4 d5 2. exd5 Nf6 3. Bc4 Nxd5 4. d3 e6 5. Nf3 b6 6. Bb5+ c6 7. Bc4 Bd6 8. Bxd5 cxd5 9. Nc3 Nd7 10. Qe2 O-O 11. Nb5 Bb8 12. Nbd4 Re8 13. O-O Nf8 14. Nc6 Qc7 15. Nxb8 Rxb8 16. d4 Ng6 17. Ng5 e5 18. Qb5 Bf5 19. dxe5 Rxe5 20. Nf3 Ree8 21. c3 Rbd8 22. Be3 Qc8 23. Rad1 Bg4 24. Rxd5 Bxf3 25. Rxd8 Rxd8 26. gxf3 Qb7 27. Qg5 Rd5 28. Qg4 Ne5 29. Qe4 Nxf3+ 30. Kh1 Ne5 31. f4 Ng6 32. c4 Rd7 33. Qxb7 Rxb7 34. Rd1 f5 35. Kg2 Re7 36. Kf2 Kf7 37. b3 Ke8 38. Rd5 Rf7 39. Kf3 Ne7 40. Re5 Kd7 41. c5 bxc5 42. Bxc5 Nc6 43. a3 g6 44. b4 Rf6 45. b5 Na5 46. Rd5+ Kc8 47. Bxa7 Rf7 48. Bb6 Nb7 49. a4 Rd7 50. Rxd7 Kxd7 51. Ke3 Nd6 52. Kd4 g5 53. fxg5 f4 54. Bc5 f3 55. Ke3 f2 56. Kxf2 Ne4+ 57. Kf3 Nxc5 58. a5 Ne6 59. Kg4 Kd6 60. Kh5 Nd4 61. Kh6 1-0

[Event "Alberta reserves"]
[Site "Calgary CAN"]
[Date "2001.04.15"]
[Round "4"]
[White "Bertrand, Daryl"]
[Black "Boehmer, Kris"]
[Result "0-1"]
[WhiteElo "1935"]
[BlackElo "2114"]
[PlyCount "50"]
[GameId "2160767911564975"]
[EventDate "2001.04.13"]
[EventType "swiss"]
[EventRounds "5"]
[EventCountry "CAN"]

1. e4 c5 2. Nf3 Nc6 3. d4 cxd4 4. Nxd4 g6 5. Be3 Nf6 6. Nc3 Bg7 7. Nb3 a5 8. Na4 O-O 9. f3 d6 10. Bb5 e6 11. Qd2 d5 12. Nb6 Rb8 13. Bxc6 bxc6 14. e5 Nd7 15. Nxd7 Bxd7 16. Nxa5 Bxe5 17. Rb1 Bxb2 18. O-O Bg7 19. Rxb8 Qxb8 20. a4 Qb2 21. Nb3 e5 22. Bc5 Rb8 23. Bd6 Rxb3 24. Qa5 Rb8 25. Qa7 Qb6+ 0-1

[Event "Alberta reserves"]
[Site "Calgary CAN"]
[Date "2001.04.15"]
[Round "4"]
[White "Hughey, Micah"]
[Black "Kazakevich, Anastasia"]
[Result "1-0"]
[WhiteElo "2109"]
[BlackElo "1732"]
[PlyCount "61"]
[GameId "2160767911564976"]
[EventDate "2001.04.13"]
[EventType "swiss"]
[EventRounds "5"]
[EventCountry "CAN"]

1. d4 Nf6 2. Nf3 g6 3. Nc3 d5 4. Bg5 Bg7 5. Bxf6 exf6 6. e4 Be6 7. exd5 Bxd5 8. Qe2+ Kf8 9. O-O-O Bh6+ 10. Kb1 Kg7 11. g4 Re8 12. Qd3 Be6 13. h3 Na6 14. d5 Bd7 15. Qd4 Kg8 16. Bg2 Bg7 17. Qd2 Rb8 18. Nd4 c5 19. dxc6 bxc6 20. Nxc6 Qb6 21. Na4 Qb5 22. Nxb8 Nxb8 23. Nc3 Qb6 24. Qd4 Qa5 25. Qd5 Qb4 26. Qb7 Qe7 27. Bf3 f5 28. Rhe1 Qd8 29. Rxe8+ Qxe8 30. Qc7 Be6 31. Rd8 1-0